Statistiques concernant Conjugaison - Aimer

Cliquez ici pour prendre le quiz!

Statistiques générales

  • Ce quiz a été pris 49 fois
  • Le résultat moyen est 53 sur 98

Statistiques - réponses

TempsPronomsVerbe% Correct
Indicatif présentJeaime
100%
Indicatif présentIl/Elle/Onaime
93%
Indicatif présentIls/Ellesaiment
93%
Indicatif présentTuaimes
93%
Indicatif présentVousaimez
93%
Indicatif présentNousaimons
93%
Indicatif passé composéIl/Elle/Ona aimé
91%
Indicatif passé composéJeai aimé
91%
Indicatif imparfaitJeaimais
91%
Indicatif passé composéTuas aimé
91%
Indicatif passé composéVousavez aimé
91%
Indicatif passé composéNousavons aimé
91%
Indicatif passé composéIls/Ellesont aimé
89%
Indicatif imparfaitIls/Ellesaimaient
87%
Indicatif imparfaitTuaimais
87%
Indicatif imparfaitIl/Elle/Onaimait
87%
Indicatif imparfaitVousaimiez
87%
Indicatif imparfaitNousaimions
87%
Indicatif passé simpleJeaimai
80%
Indicatif futur simpleJeaimerai
78%
Indicatif passé simpleIl/Elle/Onaima
76%
Indicatif passé simpleTuaimas
74%
Indicatif futur simpleTuaimeras
74%
Indicatif futur simpleIl/Elle/Onaimera
72%
Indicatif futur simpleVousaimerez
72%
Indicatif futur simpleNousaimerons
72%
Indicatif futur simpleIls/Ellesaimeront
67%
Indicatif plus-que-parfaitIls/Ellesavaient aimé
67%
Indicatif plus-que-parfaitTuavais aimé
67%
Indicatif plus-que-parfaitJeavais aimé
67%
Indicatif plus-que-parfaitIl/Elle/Onavait aimé
67%
Indicatif plus-que-parfaitVousaviez aimé
67%
Indicatif plus-que-parfaitNousavions aimé
67%
Subjonctif présentJeaime
65%
Subjonctif présentIl/Elle/Onaime
65%
Subjonctif présentTuaimes
65%
InfinitifPrésentaimer
61%
Impératif présentTuaime
59%
Subjonctif présentIls/Ellesaiment
59%
Subjonctif présentVousaimiez
59%
Subjonctif présentNousaimions
59%
Impératif présentNousaimons
59%
Indicatif passé simpleNousaimâmes
57%
Impératif présentVousaimez
57%
Indicatif passé simpleVousaimâtes
54%
Indicatif futur antérieurIl/Elle/Onaura aimé
52%
Indicatif futur antérieurJeaurai aimé
52%
Indicatif futur antérieurTuauras aimé
52%
Indicatif futur antérieurVousaurez aimé
52%
Indicatif futur antérieurNousaurons aimé
52%
Indicatif passé simpleIls/Ellesaimèrent
50%
Indicatif futur antérieurIls/Ellesauront aimé
50%
Indicatif passé antérieurJeeus aimé
50%
Indicatif passé antérieurTueus aimé
50%
Indicatif passé antérieurIl/Elle/Oneut aimé
50%
Conditionnel présentTuaimerais
48%
Conditionnel présentJeaimerais
48%
Conditionnel présentIl/Elle/Onaimerait
48%
Indicatif passé antérieurNouseûmes aimé
48%
Indicatif passé antérieurIls/Elleseurent aimé
48%
Indicatif passé antérieurVouseûtes aimé
48%
Conditionnel présentVousaimeriez
46%
Conditionnel présentNousaimerions
46%
Conditionnel présentIls/Ellesaimeraient
41%
ParticipePrésentaimant
39%
Conditionnel passéIls/Ellesauraient aimé
39%
Conditionnel passéTuaurais aimé
39%
Conditionnel passéJeaurais aimé
39%
Conditionnel passéIl/Elle/Onaurait aimé
39%
Conditionnel passéVousauriez aimé
39%
Conditionnel passéNousaurions aimé
39%
InfinitifPasséavoir aimé
39%
ParticipePasséaimé
37%
Subjonctif passéJeaie aimé
28%
Subjonctif passéIls/Ellesaient aimé
28%
Subjonctif passéTuaies aimé
28%
Subjonctif passéIl/Elle/Onait aimé
28%
Subjonctif passéVousayez aimé
28%
Subjonctif passéNousayons aimé
28%
GérondifPrésenten aimant
26%
Subjonctif plus-que-parfaitTueusses aimé
26%
Subjonctif imparfaitJeaimasse
24%
Subjonctif imparfaitTuaimasses
24%
Subjonctif plus-que-parfaitJeeusse aimé
24%
Subjonctif plus-que-parfaitIls/Elleseussent aimé
24%
Subjonctif plus-que-parfaitVouseussiez aimé
24%
Subjonctif plus-que-parfaitNouseussions aimé
24%
Subjonctif imparfaitIls/Ellesaimassent
22%
GérondifPasséen ayant aimé
22%
Subjonctif plus-que-parfaitIl/Elle/Oneût aimé
22%
Subjonctif imparfaitVousaimassiez
20%
Subjonctif imparfaitNousaimassions
20%
Subjonctif imparfaitIl/Elle/Onaimât
20%
ParticipePasséayant aimé
20%
Impératif passéTuaie aimé
13%
Impératif passéVousayez aimé
13%
Impératif passéNousayons aimé
13%
Forme surcomposéeJeai eu aimé
4%

Distribution des résultats

Percentile par nombre de réponses

% des personnes avec chaque résultat

Votre développement - résultats

Vous n’avez pas pris ce quiz